| 000 | 01046nkm a2200265 i 4500 | ||
|---|---|---|---|
| 001 | 4063 | ||
| 003 | ES-MaACL | ||
| 005 | 20250713062915.0 | ||
| 007 | khrbo | ||
| 008 | 070626s1987 sp --- g |001||spa d | ||
| 100 | 0 |
_aAlfonso, _d1902-1990 _919858 |
|
| 245 | 1 | 0 |
_aJornadas sobre Universidad y disenso [ _hFotografía] / _cAlfonso (sello). |
| 260 |
_a[S.l. : _bs.n.], _c1987. |
||
| 300 |
_a2 fot. : _bb. y n. ; _c12 x 18 cm. |
||
| 500 | _aDatos basados en invitación. | ||
| 511 | 0 | _aInterviene: Manuel Ballestero; presenta: Antonio Rivera. | |
| 518 | _aActo organizado por el Ateneo de Madrid, celebrado en el salón de actos el martes, 9 de junio de 1987, a las 19:30 h. | ||
| 600 | 1 | 4 |
_aBallestero, Manuel. _925031 |
| 600 | 1 | 4 |
_aRibera, Antonio. _996769 |
| 610 | 2 | 4 |
_aAteneo de Madrid- _xActos culturales- _y1987- _vFotografías. _91902 |
| 710 | 2 |
_aAteneo de Madrid. _91875 |
|
| 852 |
_aES-MaACL _jFOT 128/1987 |
||
| 856 | 4 |
_uhttp://www.ateneodemadrid.net/biblioteca_digital/imagenes/1987/0128-1987.jpg _zVer imagen |
|
| 999 |
_c4063 _d4063 |
||